Eminent Mussalmans (Record no. 8758)

MARC details
000 -LEADER
fixed length control field 00682nam a2200241 a 4500
020 ## - INTERNATIONAL STANDARD BOOK NUMBER
ISBN
082 00 - DEWEY DECIMAL CLASSIFICATION NUMBER
Classification number 922.97
Author Cutter NPH
100 ## - MAIN ENTRY--AUTHOR NAME
Author name Neeraj Publishing, House
245 ## - TITLE STATEMENT
Title Eminent Mussalmans
Sub title Biographical and Critical Sketches of Statesmen, Poets,
260 ## - PUBLICATION, DISTRIBUTION, ETC. (IMPRINT)
Place of publication Delhi
Name of publisher Neeraj Publishing House
Year of publication 1981
300 ## - PHYSICAL DESCRIPTION
Number of Pages 544p
500 ## - GENERAL NOTE
General note includes index and biblioraphy
505 2# - FORMATTED CONTENTS NOTE
Formatted contents note Reformers jurists and politicians.
650 ## - SUBJECT ADDED ENTRY--TOPICAL TERM
Topical Term Muslims-India-Biography
942 ## - ADDED ENTRY ELEMENTS (KOHA)
Koha item type Books
700 1# -
-- Neeraj Publishing, House
Holdings
Collection code Home library Current library Date acquired Cost, normal purchase price Full call number Accession Number Koha item type
  Henry Martyn Institute Library Henry Martyn Institute Library 06/06/2007 150.00 922.97 NPH 011224 Books
                   Copyright © 2026 | Henry Martyn Institute | Hyderabad | TS-500052 | INDIA | Implemented by hmi.edu.in
Hit-Count:

Powered by Koha